[Event "Groningen op"]
[Site "Groningen"]
[Date "1990.??.??"]
[Round "2"]
[White "Finegold, Benjamin"]
[Black "Ashley, Maurice"]
[Result "1-0"]
[WhiteElo "2490"]
[BlackElo "2370"]

1.d4 Nf6 2.c4 e6 3.Nc3 Bb4 4.Qc2 O-O 5.Bg5 c5 6.e3 h6 7.Bh4 cxd4 8.exd4 Nc6
9.Nf3 Be7 10.a3 d5 11.Rd1 b6 12.Be2 Bb7 13.O-O dxc4 14.Bxc4 Na5 15.Ba2 Bxf3
16.gxf3 Nd5 17.Bxd5 exd5 18.Bxe7 Qxe7 19.Qf5 Rfe8 20.Nxd5 Qd6 21.Nc3 Rad8
22.Kh1 g6 23.Rg1 Kf8 24.Qg4 Nb7 25.Rg3 Qf6 26.Ne4 Qe7 27.Qf4 Kg7 28.d5 Nd6
29.Nc3 Rc8 30.Kg2 h5 31.Rd3 Rc4 32.Rd4 Rxd4 33.Qxd4+ Qf6 34.Qxf6+ Kxf6 35.f4 Rc8
36.Rd3 Rc4 37.Kf3 Kf5 38.Ne2 Kf6 39.Rc3 Ke7 40.b3 Rxc3+ 41.Nxc3 Kd7 42.Ke3 Nf5+
43.Ke4 f6 44.Kd3 Ng7 45.Ne4 Ne8 46.Kd4 Ke7 47.a4 Kd7 48.b4 a6 49.a5 f5 50.Nd2 b5
51.Kc5 Kc7 52.Nf3 Nd6 53.Ng5 h4 54.Ne6+ Kd7 55.Nf8+ Kc7 56.f3 Nc4 57.Nxg6 Nd2
58.d6+  1-0

[Event "Groningen op"]
[Site "Groningen"]
[Date "1990.??.??"]
[Round "3"]
[White "Epishin, Vladimir"]
[Black "Finegold, Benjamin"]
[Result "1/2-1/2"]
[WhiteElo "2590"]
[BlackElo "2490"]

1.d4 d5 2.c4 c6 3.Nf3 Nf6 4.Nc3 dxc4 5.a4 Bf5 6.e3 e6 7.Bxc4 Bb4 8.O-O Nbd7
9.Qe2 Bg6 10.Ne5 Nxe5 11.dxe5 Nd7 12.f4 Nc5 13.Rd1 Qb6 14.Na2 a5 15.Nxb4 axb4  1/2-1/2

[Event "Groningen op"]
[Site "Groningen"]
[Date "1990.??.??"]
[Round "4"]
[White "Finegold, Benjamin"]
[Black "Van Riemsdijk, Herman C"]
[Result "1/2-1/2"]
[WhiteElo "2490"]
[BlackElo "2440"]

1.d4 Nf6 2.Nf3 e6 3.c4 b6 4.Bf4 Bb7 5.e3 Be7 6.h3 d6 7.Nc3 Ne4 8.Nxe4 Bxe4
9.Nd2 Bb7 10.Bd3 g5 11.Bh2 Bxg2 12.Rg1 Bb7 13.Qe2  1/2-1/2

[Event "Groningen op"]
[Site "Groningen"]
[Date "1990.??.??"]
[Round "7"]
[White "Foisor, Ovidiu"]
[Black "Finegold, Benjamin"]
[Result "1/2-1/2"]
[WhiteElo "2395"]
[BlackElo "2490"]

1.d4 d5 2.c4 c6 3.Nf3 Nf6 4.Qc2 dxc4 5.Qxc4 Bf5 6.g3 e6 7.Bg2 Be7 8.O-O Nbd7
9.e3 O-O 10.Nc3 Ne4 11.Nd2 Nxd2 12.Bxd2 e5 13.e4  1/2-1/2

[Event "Groningen op"]
[Site "Groningen"]
[Date "1990.??.??"]
[Round "8"]
[White "Finegold, Benjamin"]
[Black "Voekler, Bernd"]
[Result "1-0"]
[WhiteElo "2490"]
[BlackElo "2340"]

1.d4 Nf6 2.c4 e5 3.dxe5 Ne4 4.Qc2 Bb4+ 5.Nd2 d5 6.Nf3 Nc6 7.e3 Bg4 8.cxd5 Bxf3
9.dxc6 Qh4 10.g3 Nxg3 11.fxg3 Qh6 12.Qb3 O-O 13.Rg1 Bxd2+ 14.Bxd2 Qxh2 15.e4 Qxg1
16.Qxf3 Qb6 17.Qc3 Rad8 18.Be3 Qxc6 19.Qxc6 bxc6 20.Rc1 Rfe8 21.Rc5 Re6 22.Bh3 Ree8
23.e6 fxe6 24.Rxc6 Rd6 25.Rxc7 Rb8 26.Bf4 Ra6 27.Be5 Rb4 28.Bc3 Rxe4+ 29.Kf2 g5
30.Kf3 Rea4 31.Bg4 Rd6 32.Be5 h5 33.Bxh5 Rd3+ 34.Kf2 Rd8 35.Bf7+ Kf8 36.Bxe6 Rd2+
37.Ke3 Rd1 38.Rc3 Rg1 39.Kf2  1-0

[Event "Ostend op"]
[Site "Ostend"]
[Date "1990.??.??"]
[Round "?"]
[White "Van Parreren, Hanneke"]
[Black "Finegold, Benjamin"]
[Result "0-1"]
[WhiteElo "2145"]
[BlackElo "2445"]

1.e4 e5 2.Nf3 Nc6 3.Bb5 Nf6 4.Qe2 Bc5 5.c3 d6 6.d4 exd4 7.cxd4 Bb4+ 8.Bd2 Bxd2+
9.Nbxd2 O-O 10.O-O Ne7 11.Rfe1 Ng6 12.Nf1 c6 13.Bc4 d5 14.exd5 Nxd5 15.Qd2 h6
16.Ne3 Be6 17.Rac1 Ngf4 18.Nxd5 Nxd5 19.a3 Qd6 20.Re5 Rad8 21.Bxd5 Bxd5 22.Rce1 Bxf3
23.gxf3 Rd7 24.Qe3 Rfd8 25.Qe4 g6 26.Re8+ Rxe8 27.Qxe8+ Kg7 28.Qe4 Qf6 29.Rd1 Rd5
30.b4 Qd6 31.Re1 Rg5+ 32.Kf1 Qxh2 33.Qe7 Qh3+ 34.Ke2 Rf5 35.Qe4 Qh2 36.Rd1 Qd6
37.Rc1 Rf6 38.Kd3 Re6 39.Qh4  0-1

[Event "Ostend op"]
[Site "Ostend"]
[Date "1990.??.??"]
[Round "?"]
[White "Finegold, Benjamin"]
[Black "Vidarsson, Jon G"]
[Result "1/2-1/2"]
[WhiteElo "2445"]
[BlackElo "2290"]

1.d4 Nf6 2.c4 e6 3.Nc3 Bb4 4.Qc2 O-O 5.Bg5 c5 6.e3 h6 7.Bh4 cxd4 8.exd4 Nc6
9.Nf3 Be7 10.Rd1 d5 11.a3 b6 12.Be2 Bb7 13.Bxf6 Bxf6 14.cxd5 exd5 15.b4 Rc8
16.O-O Ne7 17.Bd3 Qc7 18.Rc1 Qf4 19.Qa4 Qb8 20.Rc2 Bc6 21.Qb3 Qd6 22.Re1 a5
23.Ne5 axb4 24.Qxb4 Bxe5 25.Rxe5 Qxb4 26.axb4 Rfe8 27.f3 Kf8 28.b5 Bb7 29.Na4 Rxc2
30.Bxc2 Nc8 31.Bf5 Nd6 32.Bd3 Nc8 33.Kf2 f6 34.Re3 Rxe3 35.Kxe3 g5 36.Kf2 Ke7
37.Kg3 h5 38.f4 Kf7 39.fxg5 fxg5 40.h4 Kf6 41.Kh3 Ba8 42.Be2 Kg6 43.g4 hxg4+
44.Bxg4 Nd6 45.h5+ Kh6 46.Nxb6 Bb7 47.Bd7 Kxh5 48.Bc6 g4+ 49.Kg2 Kg5 50.Bxb7 Nxb5
51.Nxd5 Nxd4 52.Bc8 Nf5 53.Ba6  1/2-1/2

[Event "Bohemians"]
[Site "Prague"]
[Date "1990.??.??"]
[Round "?"]
[White "Finegold, Benjamin"]
[Black "Prandstetter, Eduard"]
[Result "1-0"]
[WhiteElo "2445"]
[BlackElo "2400"]

1.d4 Nf6 2.c4 e6 3.Nc3 Bb4 4.Qc2 c5 5.dxc5 O-O 6.a3 Bxc5 7.Nf3 Nc6 8.Bg5 Nd4
9.Qd3 Nxf3+ 10.Qxf3 Be7 11.e3 d5 12.Bd3 dxc4 13.Bxc4 Qa5 14.Bh4 Bd7 15.O-O Bc6
16.Qe2 a6 17.e4 Rfe8 18.e5 Nd5 19.Bxd5 exd5 20.e6 Bxh4 21.exf7+ Kxf7 22.Qh5+ Kg8
23.Qxh4 Qb6 24.Rad1 Rad8 25.Rd2 d4 26.Rfd1 Rd7 27.Na2 Rde7 28.h3 Re1+ 29.Rxe1 Rxe1+
30.Kh2 Re4 31.Qg3 a5 32.Nc1 Qd8 33.Nb3 h5 34.f3 h4 35.Qf2 Qd6+ 36.Kg1 Rf4
37.Rxd4 Rxd4 38.Nxd4 g5 39.Qe3 Kf7 40.Nxc6 bxc6 41.Qxg5 Qd4+ 42.Kh2 Qxb2
43.Qxa5 Ke6 44.Qe1+ Kd7 45.Qxh4 c5 46.Qg4+ Kc7 47.h4 Qc1 48.h5 c4 49.Qg7+ Kb6
50.Qf6+ Kb5 51.h6 Qc2 52.Qf7 Qc1 53.Qh5+ Ka4 54.h7 Qf4+ 55.Kh3  1-0

[Event "Bohemians"]
[Site "Prague"]
[Date "1990.??.??"]
[Round "?"]
[White "Finegold, Benjamin"]
[Black "Haba, Petr"]
[Result "1-0"]
[WhiteElo "2445"]
[BlackElo "2435"]

1.d4 d5 2.c4 c6 3.Nc3 Nf6 4.e3 g6 5.Nf3 Bg7 6.Bd3 O-O 7.h3 c5 8.O-O cxd4
9.exd4 Nc6 10.a3 Bf5 11.Bxf5 gxf5 12.Bg5 Ne4 13.cxd5 Nxc3 14.bxc3 Qxd5 15.Rb1 e6
16.Qc1 Na5 17.Re1 Rac8 18.Bf4 b6 19.a4 Rfe8 20.Bh6 f6 21.Rb5 Qd7 22.Bxg7 Kxg7
23.Nh4 Nc4 24.Qf4 Nd6 25.Re3 Kh8 26.Rb1 Ne4 27.d5 Qxd5 28.Qh6 Qd8 29.Ng6+ Kg8
30.Nf4 Rc7 31.Rbe1 e5 32.Rd3 Rd7 33.Nh5 Re6 34.Red1 Ree7 35.Rxd7 Rxd7 36.Qg7+  1-0

[Event "Bohemians"]
[Site "Prague"]
[Date "1990.??.??"]
[Round "?"]
[White "Finegold, Benjamin"]
[Black "Vokac, Marek"]
[Result "1/2-1/2"]
[WhiteElo "2445"]
[BlackElo "2465"]

1.d4 g6 2.c4 Bg7 3.Nc3 c5 4.d5 Bxc3+ 5.bxc3 f5 6.h4 Nf6 7.h5 Rg8 8.hxg6 hxg6
9.Nf3 Qa5 10.Bd2 d6 11.Ng5 Nbd7 12.Qb1 Nb6 13.e3 Bd7 14.Bd3  1/2-1/2

[Event "Bohemians"]
[Site "Prague"]
[Date "1990.??.??"]
[Round "?"]
[White "Keitlinghaus, Ludger"]
[Black "Finegold, Benjamin"]
[Result "1/2-1/2"]
[WhiteElo "2415"]
[BlackElo "2445"]

1.Nf3 d5 2.d4 Nf6 3.c4 c6 4.Qb3 dxc4 5.Qxc4 Bf5 6.g3 e6 7.Bg2 Be7 8.O-O O-O
9.Nc3 Nbd7 10.e3 Ne4 11.Nd2 Nxd2 12.Bxd2 Bg6 13.Rfd1 e5 14.d5 Nb6 15.Qb3 c5
16.e4 c4 17.Qc2 Nxd5 18.Nxd5 Qxd5 19.Bb4  1/2-1/2

[Event "Bohemians"]
[Site "Prague"]
[Date "1990.??.??"]
[Round "?"]
[White "Klaric, Zlatko"]
[Black "Finegold, Benjamin"]
[Result "1/2-1/2"]
[WhiteElo "2400"]
[BlackElo "2445"]

1.d4 d5 2.Bf4 Nf6 3.e3 c5 4.c3 Nc6 5.Bd3 g6 6.h3 Qb6 7.Qc1 Nh5 8.Bh2 Bh6
9.g4 Nf6 10.Nd2 cxd4 11.exd4 Bd7 12.f4 Bg7 13.Ngf3 h5 14.g5 Ne4 15.Nxe4 dxe4
16.Bxe4 Bxh3 17.Qc2 Bg4 18.O-O Rc8 19.Qf2 Bxf3 20.Qxf3 e6 21.Rf2 O-O 22.d5 exd5
23.Bxd5 Rce8 24.f5 Ne5 25.Bxe5 Rxe5 26.fxg6 Rxg5+ 27.Kh1 Qxg6 28.Raf1 Kh8
29.Bxf7 Qh6 30.Qxb7 Qd6 31.Rg2 Qe5 32.Rxg5 Qxg5 33.Qe4 Rd8 34.Qf4 Qb5 35.Qf5 Qc6+
36.Qf3 Qxf3+ 37.Rxf3 Rd2 38.Rh3 Bf6 39.b4 Rc2 40.Rxh5+ Kg7 41.Bb3 Rxc3 42.Rd5 Rc7
43.Kg2 Kf8 44.Kf3 Bc3 45.Rb5 Ke7 46.Ke4 Kd6 47.a4 Be1 48.Kd4 Rh7 49.Rd5+ Kc7
50.Rc5+ Kd6 51.Ra5 Rh4+ 52.Kd3  1/2-1/2

[Event "Bohemians"]
[Site "Prague"]
[Date "1990.??.??"]
[Round "?"]
[White "Mainka, Romuald"]
[Black "Finegold, Benjamin"]
[Result "1/2-1/2"]
[WhiteElo "2445"]
[BlackElo "2445"]

1.e4 e5 2.Nf3 Nc6 3.Bb5 Nf6 4.O-O Bc5 5.c3 O-O 6.d4 Bb6 7.Re1 d6 8.Bg5 exd4
9.Bxc6 dxc3 10.Nxc3 bxc6 11.e5 dxe5 12.Qa4 Qd6 13.Rxe5 Ng4 14.Be7 Bxf2+ 15.Kh1 Nxe5
16.Bxd6 cxd6 17.Ne4 Nxf3 18.Nxf2 Ne5 19.Ne4 Rd8  1/2-1/2

[Event "Bohemians"]
[Site "Prague"]
[Date "1990.??.??"]
[Round "?"]
[White "Schmittdiel, Eckhard"]
[Black "Finegold, Benjamin"]
[Result "1/2-1/2"]
[WhiteElo "2455"]
[BlackElo "2445"]

1.e4 e5 2.Nf3 Nc6 3.Bb5 a6 4.Ba4 Nf6 5.O-O Be7 6.Bxc6 dxc6 7.d3 Qd6 8.Nbd2 Be6
9.b3 Nd7 10.Nc4 Bxc4 11.dxc4 Qxd1 12.Rxd1 f6 13.Be3 O-O-O 14.Kf1 b6 15.Ne1 Bc5
16.Bd2 Nf8 17.Nd3 Ne6 18.Nxc5 Nxc5 19.f3 Ne6 20.Be3 Kb7 21.c3 a5  1/2-1/2

[Event "Reykjavik op"]
[Site "Reykjavik"]
[Date "1990.??.??"]
[Round "2"]
[White "Finegold, Benjamin"]
[Black "Wojtkiewicz, Aleksander"]
[Result "1/2-1/2"]
[WhiteElo "2445"]
[BlackElo "2550"]

1.d4 Nf6 2.c4 c5 3.d5 d6 4.Nc3 g6 5.e4 Bg7 6.Nf3 O-O 7.h3 a6 8.a4 e6 9.Bd3 exd5
10.exd5 Re8+ 11.Be3 Nbd7 12.O-O Nh5 13.Qd2 Ne5 14.Nxe5 Rxe5 15.Rfe1 Bd7 16.Bh6 Bxh6
17.Qxh6 Qe7 18.Re2 Rxe2 19.Bxe2 Nf6 20.Bf1 Re8 21.Rd1 Qd8 22.Rd3 Ne4 23.Qf4  1/2-1/2

[Event "Reykjavik op"]
[Site "Reykjavik"]
[Date "1990.??.??"]
[Round "3"]
[White "Benjamin, Joel"]
[Black "Finegold, Benjamin"]
[Result "1-0"]
[WhiteElo "2530"]
[BlackElo "2445"]

1.e4 e5 2.Nf3 Nc6 3.Bb5 Nf6 4.d3 d6 5.c3 Be7 6.Nbd2 O-O 7.O-O Bd7 8.Ba4 h6
9.Re1 Nh7 10.d4 Bf6 11.Nf1 Qe8 12.dxe5 Nxe5 13.Bxd7 Nxf3+ 14.Qxf3 Qxd7 15.Ng3 Rfe8
16.Qd3 Bh4 17.Be3 Bxg3 18.hxg3 Nf6 19.Bd4 Ng4 20.f3 Ne5 21.Qc2 Qe6 22.Bf2 b6
23.b3 a5 24.a4 Rad8 25.Rad1 Qg6 26.c4 Rf8 27.Rd5 Rde8 28.Kf1 Re7 29.g4 h5
30.gxh5 Qxh5 31.Bg3 Re6 32.Bxe5 dxe5 33.Ke2 Qg5 34.Kd1 Rg6 35.Rd2 Rd8 36.Re2 Rgd6
37.Rd5 Rg6 38.Qd2 Rxd5 39.cxd5 Qe7 40.Qc3 Rd6 41.Kc1 f6 42.Rc2 Rd7 43.Kb2 Qd6
44.Qe1 Qe7 45.Qc1 Kf7 46.Rc6 Kg6 47.g4 Qb4 48.Rc4 Qe7 49.Qc3 Kg5 50.Rc6 Kg6
51.Qc2 Qb4 52.Rc4 Qe1 53.f4 Qg3 54.f5+ Kh7 55.Rxc7 Rxc7 56.Qxc7 Qf2+ 57.Qc2 Qd4+
58.Kc1 Qe3+ 59.Kb2 Qd4+ 60.Kc1 Qe3+ 61.Kd1 Kg8 62.d6 Kf8 63.Qc8+ Kf7 64.Qe6+ Kf8
65.Qd5 Qf3+ 66.Kc2 Qe2+ 67.Kc3  1-0

[Event "Reykjavik op"]
[Site "Reykjavik"]
[Date "1990.??.??"]
[Round "4"]
[White "Arnason, Throstur"]
[Black "Finegold, Benjamin"]
[Result "1-0"]
[WhiteElo "2235"]
[BlackElo "2445"]

1.d4 d5 2.c4 e5 3.dxe5 d4 4.Nf3 Nc6 5.a3 Be6 6.e3 dxe3 7.Qxd8+ Rxd8 8.Bxe3 Nge7
9.Nc3 Nf5 10.Nb5 Rd7 11.Rd1 Nxe3 12.fxe3 Bc5 13.Rxd7 Kxd7 14.Kf2 Re8 15.Bd3 Bg4
16.b4 Bf8 17.h3 Bxf3 18.Bf5+ Ke7 19.gxf3 Rd8 20.f4 g6 21.Be4 Rd2+ 22.Kf3 Kd7
23.Bxc6+ bxc6 24.Nxa7 h5 25.c5 Be7 26.a4 Bh4 27.a5 Ke6 28.Ke4 Kd7 29.Ra1 f6
30.exf6 Bxf6 31.Ra3 g5 32.fxg5  1-0

[Event "Reykjavik op"]
[Site "Reykjavik"]
[Date "1990.??.??"]
[Round "5"]
[White "Finegold, Benjamin"]
[Black "Thorsteinsson, Arnar"]
[Result "1-0"]
[WhiteElo "2445"]
[BlackElo "2245"]

1.d4 Nf6 2.c4 e6 3.Nc3 d5 4.Bg5 c6 5.e3 Nbd7 6.Nf3 Be7 7.Qc2 O-O 8.Rd1 Re8
9.a3 Nf8 10.Bd3 dxc4 11.Bxc4 Nd5 12.Bxe7 Qxe7 13.O-O Ng6 14.e4 Ndf4 15.g3 Nh3+
16.Kg2 e5 17.Nxe5 Ng5 18.Nxg6 hxg6 19.Rfe1 Qf6 20.f4 Bh3+ 21.Kf2 Ne6 22.e5 Qd8
23.Qb3 g5 24.d5 Nc5 25.Qb4 b6 26.e6 fxe6 27.dxe6 Qc7 28.Rd7 Qb8 29.Ba2 Bxe6
30.Qd4  1-0

[Event "Reykjavik op"]
[Site "Reykjavik"]
[Date "1990.??.??"]
[Round "6"]
[White "Olafsson, David"]
[Black "Finegold, Benjamin"]
[Result "1/2-1/2"]
[WhiteElo "2260"]
[BlackElo "2445"]

1.e4 e5 2.Nf3 Nc6 3.d4 exd4 4.Bc4 Nf6 5.e5 Ne4 6.Qe2 Nc5 7.O-O Ne6 8.c3 d5
9.Bb5 dxc3 10.Nxc3 d4 11.Ne4 Be7 12.Bd2 O-O 13.Rad1 a6 14.Bd3 Qd5 15.Bc4 d3
16.Qxd3 Qxd3 17.Bxd3 b6 18.Neg5 Bxg5 19.Bxg5 Nc5 20.Bc4 Be6 21.Bxe6 Nxe6
22.Bh4 h6 23.Rc1 Nb4 24.Be7 Nd3 25.Rc3 Rfe8 26.Rxd3 Rxe7 27.g3 Nc5 28.Rd5 Rae8
29.Rfd1 g5 30.h3 Kg7 31.Kg2 Kg6 32.b4 Ne6 33.R1d3 Ra8  1/2-1/2

[Event "Reykjavik op"]
[Site "Reykjavik"]
[Date "1990.??.??"]
[Round "7"]
[White "Finegold, Benjamin"]
[Black "Hansson, Dan"]
[Result "1-0"]
[WhiteElo "2445"]
[BlackElo "2270"]

1.d4 Nf6 2.c4 g6 3.Nc3 d5 4.e3 Bg7 5.Qb3 c6 6.Nf3 O-O 7.Bd2 e6 8.Bd3 Nbd7
9.O-O b6 10.cxd5 exd5 11.e4 dxe4 12.Nxe4 c5 13.Neg5 cxd4 14.Bb4 Nc5 15.Bxc5 bxc5
16.Nxf7 Qd5 17.Bc4 Be6 18.N7e5  1-0

[Event "Reykjavik op"]
[Site "Reykjavik"]
[Date "1990.??.??"]
[Round "8"]
[White "Hellers, Ferdinand"]
[Black "Finegold, Benjamin"]
[Result "0-1"]
[WhiteElo "2525"]
[BlackElo "2445"]

1.e4 e5 2.Nf3 Nc6 3.Bb5 Nf6 4.O-O Bc5 5.c3 O-O 6.d4 Bb6 7.Bg5 h6 8.Bh4 d6
9.Bxc6 bxc6 10.dxe5 dxe5 11.Nbd2 Re8 12.Qa4 g5 13.Bg3 g4 14.Rad1 gxf3 15.Nxf3 Qe7
16.Nxe5 Nh5 17.Qxc6 Nxg3 18.hxg3 Bb7 19.Qxb7 Qxe5 20.Qc6 Kg7 21.Rd3 Qxe4
22.Qxe4 Rxe4 23.Rd2 Rae8  0-1

[Event "Reykjavik op"]
[Site "Reykjavik"]
[Date "1990.??.??"]
[Round "9"]
[White "Finegold, Benjamin"]
[Black "Tukmakov, Vladimir B"]
[Result "1-0"]
[WhiteElo "2445"]
[BlackElo "2570"]

1.d4 f5 2.Bg5 h6 3.Bf4 Nf6 4.e4 fxe4 5.Nc3 d5 6.f3 Bf5 7.fxe4 dxe4 8.Bc4 g5
9.Be5 Nbd7 10.Nb5 Nxe5 11.dxe5 Ng4 12.Be2 Nxe5 13.Bh5+ Nf7 14.Ne2 e6 15.g4 Bh7
16.Rf1 Bg8 17.Ned4 Ke7 18.Qe2 Nd6 19.O-O-O Kd7 20.Nxd6 Bxd6 21.Qxe4 Kc8 22.Nb5 Rh7
23.Rd3 a6 24.Nxd6+ cxd6 25.Rdf3 Kc7 26.Bf7 Rc8 27.Bxe6 Bxe6 28.Qxh7+ Kb8
29.Rf8 Qb6 30.Rxc8+ Bxc8 31.Qd3 Bxg4 32.b3 Qc5 33.Kb2 Qe5+ 34.Qc3 Qe4 35.Rf7 Bf5
36.a4 h5 37.a5 Ka7 38.Qc7 Qd4+ 39.Ka2 Be4 40.Rf8  1-0

[Event "Reykjavik op"]
[Site "Reykjavik"]
[Date "1990.??.??"]
[Round "10"]
[White "Sokolov, Andrei"]
[Black "Finegold, Benjamin"]
[Result "1/2-1/2"]
[WhiteElo "2585"]
[BlackElo "2445"]

1.e4 e5 2.Nf3 Nf6 3.Nxe5 d6 4.Nf3 Nxe4 5.d4 d5 6.Bd3 Bd6 7.O-O O-O 8.c4 c6
9.cxd5 cxd5 10.Nc3 Nxc3 11.bxc3 Bg4 12.h3 Bh5 13.Rb1 Nd7 14.Rb5 Nb6 15.c4 Bxf3
16.Qxf3 dxc4 17.Bc2 Qd7 18.a4 g6 19.Bd2 c3 20.Qxc3 Rac8 21.Qb3 Rc7 22.Bd3 Rfc8
23.Re1 Bf8 24.a5 Nc4 25.Bxc4 Rxc4 26.Rxb7 Qxd4 27.Qf3 R4c7 28.Rxc7 Rxc7 29.Be3 Qc3
30.Rd1 Qxa5 31.Qa8 f5 32.Bh6 Rf7 33.Qe8 f4 34.Rd8 Qa1+ 35.Kh2 Qf6 36.Rc8 a5
37.Qb5 g5 38.Bxg5 Qf5 39.Qxf5 Rxf5 40.h4 Kg7 41.Kh3 h5 42.Rc7+ Kg6 43.Rc4 f3
44.Rc6+ Kh7 45.g4 hxg4+ 46.Kxg4 Rf7 47.Rc4 Bg7 48.Be3 Rb7 49.Rc5 a4 50.Ra5 Rb4+
51.Kh5 Re4 52.Bg5 Re2 53.Rxa4  1/2-1/2

[Event "Reykjavik op"]
[Site "Reykjavik"]
[Date "1990.??.??"]
[Round "11"]
[White "Finegold, Benjamin"]
[Black "Mortensen, Erling"]
[Result "0-1"]
[WhiteElo "2445"]
[BlackElo "2480"]

1.d4 g6 2.c4 Bg7 3.Nc3 d6 4.Nf3 Nf6 5.e4 O-O 6.Be2 e5 7.dxe5 dxe5 8.Qxd8 Rxd8
9.Bg5 Nbd7 10.O-O-O Rf8 11.Nd5 c6 12.Ne7+ Kh8 13.Be3 Re8 14.Nxc8 Rexc8 15.Nd2 Bf8
16.f3 a5 17.g3 Re8 18.Kc2 Bc5 19.Bg5 a4 20.Nb1 Kg7 21.Bd2 Bd4 22.Bc3 Bxc3
23.Nxc3 Nc5 24.Bf1 Nfd7 25.b4 axb3+ 26.axb3 Nf8 27.Bh3 Ra3 28.Ra1 Rea8 29.Rxa3 Rxa3
30.b4 Nce6 31.Kb2 Ra8 32.Ne2 Rd8 33.Kc3 h5 34.Ra1 c5 35.b5 Ng5 36.Bg2 Nfe6
37.Ra7 Nd4 38.Nxd4 cxd4+ 39.Kd2 b6 40.Rb7 Ra8 41.f4 Ra2+ 42.Ke1 exf4 43.gxf4 Rxg2
44.fxg5 Rxh2 45.Rxb6 Rc2 46.Rc6 h4 47.Rf6 h3 48.Rf3 h2 49.Rh3 Rc1+ 50.Kd2 h1=Q
51.Rxh1 Rxh1 52.Kd3 Rb1 53.e5 Kf8 54.Kxd4 Ke7 55.Kc5 Kd7 56.Kb6 Re1 57.Ka7 Rxe5
58.b6 Kc6 59.c5 Re7+ 60.Ka8 Kxc5  0-1

[Event "Cappelle op"]
[Site "Cappelle la Grande"]
[Date "1991.??.??"]
[Round "?"]
[White "Gralka, Julian"]
[Black "Finegold, Benjamin"]
[Result "1/2-1/2"]
[WhiteElo "2315"]
[BlackElo "2460"]

1.e4 e5 2.Nf3 Nc6 3.Bb5 Nf6 4.O-O Bc5 5.c3 O-O 6.d4 Bb6 7.Bg5 h6 8.Bh4 d6
9.a4 a5 10.dxe5 Nxe5 11.Nxe5 dxe5 12.Nd2 Be6 13.Qc2 Qe7 14.Nc4 Bxc4 15.Bxf6 Qe6
16.Bxc4 Qxc4 17.b3 Qe6 18.Bh4 f6 19.Rad1 g5 20.Bg3 h5 21.h3 Rf7 22.Kh1 h4
23.Bh2 Re8 24.f3 Ree7 25.Bg1 Rd7 26.Rxd7 Rxd7 27.Rd1 Bxg1 28.Kxg1 Kf7 29.Kf2 Ke7
30.Ke2 Qa6+ 31.Kf2 Rd6 32.Rxd6 Qxd6 33.Ke2 Qc5 34.Qd2 c6 35.Qe3 Kd6 36.Qxc5+ Kxc5
37.Kd2 b6 38.Ke3 Kd6 39.Kd2 b5 40.Ke3 Ke6 41.Kd2 Kd6  1/2-1/2

[Event "Cappelle op"]
[Site "Cappelle la Grande"]
[Date "1991.??.??"]
[Round "1"]
[White "Finegold, Benjamin"]
[Black "Relange, Eloi"]
[Result "1-0"]
[WhiteElo "2460"]
[BlackElo "2260"]

1.Nc3 Nf6 2.d4 d5 3.Bg5 e6 4.e4 Bb4 5.exd5 Qxd5 6.Bxf6 gxf6 7.Nf3 b6 8.Qd2 Qa5
9.Be2 Bb7 10.O-O Rg8 11.Qe3 Bxc3 12.bxc3 Nd7 13.g3 O-O-O 14.Nd2 Qg5 15.Qxg5 fxg5
16.f4 f6 17.fxg5 Rxg5 18.Bf3 Ra5 19.a4 Bxf3 20.Rxf3 b5 21.Re1 e5 22.axb5 Rxb5
23.Nb3 Rb6 24.d5 e4 25.Rxe4 Ne5 26.Rf1 Rxd5 27.c4 Rd7 28.Ra1 Kb8 29.c5 Rb5
30.Rf1 Re7 31.Kh1 Re6 32.Nd4 Rb4 33.Rxe5  1-0

[Event "Cappelle op"]
[Site "Cappelle la Grande"]
[Date "1991.??.??"]
[Round "2"]
[White "Collas, Didier"]
[Black "Finegold, Benjamin"]
[Result "1/2-1/2"]
[WhiteElo "2315"]
[BlackElo "2460"]

1.d4 d5 2.c4 Bf5 3.Nf3 e6 4.Nc3 c6 5.cxd5 exd5 6.Qb3 Qb6 7.Qxb6 axb6 8.e3 Na6
9.Kd1 Nb4 10.Ne1 Nf6 11.f3 h5 12.a3 Be7 13.Bd2 O-O 14.Rc1 Na6 15.Nd3 Nc7
16.Na2 Rfe8 17.Be2 Nd7 18.Nf4 g6 19.Nc3 Bd6 20.g3 Nf6 21.Re1 Bd7 22.Bd3 c5
23.Nfe2 Ne6 24.Bb1 Kg7 25.Ba2 Bc6 26.Kc2 h4 27.Rg1 hxg3 28.hxg3 Rh8 29.Rg2 c4
30.Bb1 Rh3 31.Rf1 Rah8 32.Nf4 Rh2 33.Rxh2 Rxh2 34.Nxe6+ fxe6 35.g4 Rg2 36.Kc1 e5
37.dxe5 Bxe5 38.Bc2 d4 39.exd4 Bxd4 40.Bd1 Nd5 41.Nxd5 Bxd5 42.Bc3 Bxc3 43.bxc3 Kf6
44.a4 Bc6 45.Kb1 Rd2 46.Kc1 Rd8 47.f4 Ra8 48.Rf2 b5 49.axb5 Bxb5 50.Rd2 Be8
51.Rd5 Ra2 52.Re5 Bd7 53.g5+ Kf7 54.Rd5 Bf5 55.Rc5 b5 56.Rxb5 Rf2 57.Rc5  1/2-1/2

[Event "Cappelle op"]
[Site "Cappelle la Grande"]
[Date "1991.??.??"]
[Round "3"]
[White "Finegold, Benjamin"]
[Black "Rubene, Ilze"]
[Result "1-0"]
[WhiteElo "2460"]
[BlackElo "2330"]

1.d4 f5 2.Bg5 c6 3.Nc3 d5 4.e3 Be6 5.Bd3 Nd7 6.g4 fxg4 7.h3 g3 8.fxg3 Ngf6
9.Nf3 g6 10.Bf4 Qb6 11.Rb1 Bg7 12.Ng5 Bg8 13.b4 Qd8 14.O-O Nh5 15.b5 e5 16.bxc6 bxc6
17.dxe5 Nxe5 18.Rb7 Qf6 19.Nce4 dxe4 20.Nxe4 Qe6 21.Bxe5 Bxe5 22.Bc4 Rd8
23.Qxd8+ Kxd8 24.Bxe6 Bxe6 25.Rxa7 Bb8 26.Ra8 Kc7 27.Rb1 Bc4 28.Rb4 Be2 29.g4 c5
30.Nxc5 Bf3 31.Na6+  1-0

[Event "Cappelle op"]
[Site "Cappelle la Grande"]
[Date "1991.??.??"]
[Round "5"]
[White "Finegold, Benjamin"]
[Black "Hardicsay, Peter"]
[Result "1-0"]
[WhiteElo "2460"]
[BlackElo "2360"]

1.d4 Nf6 2.c4 e6 3.Nc3 Bb4 4.Qc2 c5 5.dxc5 Bxc5 6.Nf3 Qb6 7.e3 Qc7 8.b3 a6
9.Bb2 Be7 10.Be2 d6 11.O-O b6 12.Ne4 Nbd7 13.Nfd2 Bb7 14.Bf3 d5 15.Nxf6+ Nxf6
16.Rac1 dxc4 17.Be5 Qxe5 18.Bxb7 Ra7 19.Bc6+ Kf8 20.Nxc4 Qb8 21.Qb2 Ng4 22.g3 f6
23.Qd4 h5 24.Nxb6 Kf7 25.Nd7 Rxd7 26.Bxd7 Ne5 27.f4 Nxd7 28.Qxd7 h4 29.Rc6  1-0

[Event "Groningen op"]
[Site "Groningen"]
[Date "1991.??.??"]
[Round "1"]
[White "Finegold, Benjamin"]
[Black "Volodin, Viktor"]
[Result "1-0"]
[WhiteElo "2455"]
[BlackElo "2300"]

1.d4 d5 2.c4 e6 3.Nc3 c6 4.Bf4 Bd6 5.Bxd6 Qxd6 6.Nf3 Nf6 7.e3 Nbd7 8.Qc2 O-O
9.Be2 dxc4 10.Bxc4 b5 11.Be2 a6 12.e4 e5 13.Rd1 Qe7 14.O-O Bb7 15.dxe5 Nxe5
16.Nd4 Rad8 17.f4 Neg4 18.Bxg4 Nxg4 19.e5 Ne3 20.Nf5 Nxf5 21.Qxf5 c5 22.Ne4 Bxe4
23.Qxe4 Qe6 24.f5 Qb6 25.Qe3 Rd4 26.f6 Rg4 27.e6 Qc6 28.g3 Rg6 29.exf7+ Kh8
30.Qe7 Qc8 31.Rde1 gxf6 32.Qe8 Kg7 33.Qxc8  1-0

[Event "Groningen op"]
[Site "Groningen"]
[Date "1991.??.??"]
[Round "3"]
[White "Finegold, Benjamin"]
[Black "Kaminski, Marcin"]
[Result "1/2-1/2"]
[WhiteElo "2455"]
[BlackElo "2320"]

1.d4 Nf6 2.c4 g6 3.Nc3 Bg7 4.e4 d6 5.Nf3 O-O 6.Be2 e5 7.O-O Nc6 8.d5 Ne7
9.b4 Nh5 10.g3 f5 11.Ng5 Nf6 12.f3 f4 13.Kg2 c6 14.Rb1 Ne8 15.c5 h6 16.Nh3 cxd5
17.Nxd5 dxc5 18.Nxe7+ Qxe7 19.bxc5 Be6 20.Ba3 Nf6 21.Nf2 fxg3 22.hxg3 Rfd8
23.Qc1 Qf7 24.Ng4 Nxg4 25.fxg4 Qd7 26.Bc4 Bxc4 27.Qxc4+ Kh8 28.Bc1 Rf8 29.Rxf8+ Rxf8
30.Qe2 Qc6 31.Rb3  1/2-1/2

[Event "Groningen op"]
[Site "Groningen"]
[Date "1991.??.??"]
[Round "4"]
[White "Basart, Josep Maria"]
[Black "Finegold, Benjamin"]
[Result "0-1"]
[WhiteElo "2205"]
[BlackElo "2455"]

1.d4 d5 2.c4 Bf5 3.Nc3 e6 4.Nf3 c6 5.Bf4 Qb6 6.Qb3 dxc4 7.Qxb6 axb6 8.e4 Bg6
9.Bxc4 Nf6 10.Nd2 b5 11.Bd3 Na6 12.Rc1 Rd8 13.Ne2 Nc5 14.dxc5 Rxd3 15.Ng3 h5
16.h4 Nd7 17.Nb3 Rxb3 18.axb3 Nxc5 19.Ke2 Nxb3 20.Rcd1 Bc5 21.Be5 f6 22.Rd3 fxe5
23.Rxb3 Ke7 24.f3 Bd4 25.Nf1 Be8 26.Ne3 c5 27.Ra1 b4 28.Ra5 b6 29.Ra7+ Kf6
30.Rb7 Bb5+ 31.Kd2 Rd8 32.Rxb6 Bxe3+ 33.Kxe3 Bc4  0-1

[Event "Groningen op"]
[Site "Groningen"]
[Date "1991.??.??"]
[Round "5"]
[White "Finegold, Benjamin"]
[Black "Vanheste, Jeroen"]
[Result "1/2-1/2"]
[WhiteElo "2455"]
[BlackElo "2385"]

1.d4 Nf6 2.c4 e6 3.Nc3 Bb4 4.Qc2 c5 5.dxc5 Na6 6.a3 Bxc3+ 7.Qxc3 Nxc5 8.b4 Nce4
9.Qd4 d5 10.cxd5 O-O 11.Nf3 Qxd5 12.Bb2 b6 13.e3 Bb7 14.Qxd5 Bxd5 15.Bd3 Rfd8
16.Ne5 Rac8 17.f3 Nd6 18.Ke2 Nd7 19.Nxd7 Rxd7 20.Rac1 Rcd8 21.Rhd1 Nc4 22.Ba1 b5
23.a4 a6 24.axb5 axb5 25.e4 Bc6 26.Bxc4 bxc4 27.Rxd7 Rxd7 28.Rd1 Rxd1 29.Kxd1 f5
30.exf5 exf5 31.Kd2 g5 32.Kc3 g4 33.fxg4 fxg4 34.g3 Kf7 35.Kxc4 Ke6 36.Kc5 Kd7
37.b5 Bf3 38.Be5 Bg2 39.Kd4 Bf1 40.b6 Kc6 41.Bc7  1/2-1/2

[Event "Groningen op"]
[Site "Groningen"]
[Date "1991.??.??"]
[Round "9"]
[White "Finegold, Benjamin"]
[Black "Renet, Olivier"]
[Result "1-0"]
[WhiteElo "2455"]
[BlackElo "2485"]

1.d4 Nf6 2.c4 g6 3.Nc3 Bg7 4.e4 d6 5.Be2 O-O 6.Nf3 e5 7.O-O Nc6 8.d5 Ne7
9.b4 Nh5 10.g3 f5 11.Ng5 Nf6 12.f3 a5 13.bxa5 Rxa5 14.Be3 Bh6 15.Kh1 f4 16.gxf4 Bxg5
17.fxg5 Nh5 18.c5 Bh3 19.Rg1 Nc8 20.Qb3 b6 21.cxb6 cxb6 22.Rac1 Nf4 23.Bxf4 Rxf4
24.Nb5 Rf7 25.f4 Bd7 26.f5 Bxb5 27.Bxb5 Na7 28.a4 Nxb5 29.axb5 Qd7 30.Rc6 Rf8
31.Qc4 gxf5 32.g6 Ra7 33.gxh7+ Kh8 34.Qe2 Qd8 35.exf5 Rxh7 36.Qg4 Qh4 37.Qg2 Qd8
38.Rc3 Qf6 39.Rh3 Rh6 40.Rg3 Rf7 41.Rg8+ Kh7 42.Rg6  1-0